[Event "AUS-ch Major"]
[Site "Cammeray"]
[Date "2018.01.08"]
[Round "7"]
[White "Ranganathan, Parunithan"]
[Black "Watson, James"]
[Result "1-0"]
[WhiteElo "1769"]
[BlackElo "1791"]
[PlyCount "65"]
[EventDate "2018.01.02"]
[EventType "swiss"]
[EventRounds "11"]
[EventCountry "AUS"]
[SourceTitle "CBM 182 Extra"]
[Source "ChessBase"]
[SourceDate "2018.02.23"]
[SourceVersion "1"]
[SourceVersionDate "2018.02.23"]
[SourceQuality "1"]

1. e4 d5 2. exd5 Nf6 3. d4 Bg4 4. f3 Bf5 5. c4 e6 6. dxe6 Nc6 7. exf7+ Kxf7 8. Be3 Nb4 9. Na3 Bd6 10. Kf2 Re8 11. Qb3 a5 12. c5+ Nfd5 13. Bc4 Be6 14. Re1 Qh4+ 15. Kf1 Bxc5 16. Bf2 Qf4 17. dxc5 a4 18. Qd1 Rad8 19. Qxa4 Ne3+ 20. Rxe3 Bxc4+ 21. Nxc4 Qxc4+ 22. Ne2 Rxe3 23. Bxe3 Re8 24. Qd7+ Re7 25. Qf5+ Kg8 26. Qg5 Nd5 27. Kf2 Rxe3 28. Re1 Qxc5 29. Kg3 Qd6+ 30. Kf2 Qb6 31. Qxd5+ Re6+ 32. Nd4 Qxb2+ 33. Kf1 1-0

[Event "AUS-ch Major"]
[Site "Cammeray"]
[Date "2018.01.03"]
[Round "3"]
[White "Ranganathan, Parunithan"]
[Black "Zhong, Tony Junhao"]
[Result "0-1"]
[WhiteElo "1769"]
[BlackElo "1964"]
[PlyCount "70"]
[EventDate "2018.01.02"]
[EventType "swiss"]
[EventRounds "11"]
[EventCountry "AUS"]
[SourceTitle "CBM 182 Extra"]
[Source "ChessBase"]
[SourceDate "2018.02.23"]
[SourceVersion "1"]
[SourceVersionDate "2018.02.23"]
[SourceQuality "1"]

1. e4 c5 2. Nf3 e6 3. d4 cxd4 4. Nxd4 a6 5. Nc3 Qc7 6. Bd3 Nf6 7. 0-0 Bc5 8. Nb3 Be7 9. f4 d6 10. Be3 0-0 11. Qf3 Nbd7 12. g4 g6 13. g5 Nh5 14. f5 Ne5 15. Qe2 Re8 16. f6 Bf8 17. Bd4 b5 18. Qg2 Nc4 19. Be2 b4 20. Nd1 e5 21. Bxh5 gxh5 22. Bf2 a5 23. Ne3 a4 24. Nd5 Qb7 25. Nc1 Bg4 26. h3 Be6 27. Nd3 Nd2 28. N3xb4 Nxf1 29. Rxf1 Bxd5 30. Nxd5 Rac8 31. Bh4 Qxb2 32. Rf2 Qd4 33. Kh2 Rc4 34. Ne7+ Bxe7 35. fxe7 Qxe4 0-1